书目信息 |
| 题名: |
城市发展定位研究
|
|
| 作者: | 李强 主编 | |
| 分册: | ||
| 出版信息: | 北京 华龄出版社 2017 |
|
| 页数: | 222页 | |
| 开本: | 24cm | |
| 丛书名: | ||
| 单 册: | ||
| 中图分类: | F299.272.13 | |
| 科图分类: | ||
| 主题词: | 城市经济--经济发展--研究--河西区 | |
| 电子资源: | ||
| ISBN: | 978-7-5169-1088-7 | |
| 000 | 00840nam0 2200241 45 | |
| 001 | 012001000713 | |
| 005 | 20140920091302.0 | |
| 010 | @a978-7-5169-1088-7@dCNY38.00 | |
| 100 | @a20180612d2017 em y0chiy50 ea | |
| 101 | 0 | @achi |
| 102 | @aCN@b110000 | |
| 105 | @ay z 000yy | |
| 106 | @ar | |
| 200 | 1 | @a城市发展定位研究@9Cheng Shi Fa Zhan Ding Wei Yan Jiu@f李强主编 |
| 210 | @a北京@c华龄出版社@d2017 | |
| 215 | @a222页@d24cm | |
| 300 | @a经济社会规划咨询系列研究丛书之一 | |
| 330 | @a本书共八章,内容包括:河西区城区发展的基本现状、河西区城区发展面临的挑战、河西区城区发展面临的机遇、国际大都市中心城区发展比较、河西区城区基本功能分析等。 | |
| 606 | 0 | @a城市经济@x经济发展@x研究@y河西区 |
| 690 | @aF299.272.13@v5 | |
| 701 | 0 | @a李强@9Li Qiang@4主编 |
| 801 | 0 | @aCN@b上海新华@c20180901 |
| 905 | @b1151072-76@dF299.272@e1508@f5 | |
| 城市发展定位研究/李强主编.-北京:华龄出版社,2017 |
| 222页;24cm |
| 经济社会规划咨询系列研究丛书之一 |
| ISBN 978-7-5169-1088-7:CNY38.00 |
| 本书共八章,内容包括:河西区城区发展的基本现状、河西区城区发展面临的挑战、河西区城区发展面临的机遇、国际大都市中心城区发展比较、河西区城区基本功能分析等。 |
| ● |
| 相关链接 |
|
|
|
|
正题名:城市发展定位研究
索取号:F299.272/1508
 
预约/预借
| 序号 | 登录号 | 条形码 | 馆藏地/架位号 | 状态 | 备注 |
| 1 | 1151072 | 211510729 | 第一样本阅览室/ [索取号:F299.272/1508] | 在馆 | |
| 2 | 1151073 | 211510738 | 密集书库-海洋学院/ [索取号:F299.272/1508] | 在馆 | |
| 3 | 1151074 | 211510747 | 第一借阅区/ [索取号:F299.272/1508] | 在馆 | |
| 4 | 1151075 | 211510756 | 第一借阅区/ [索取号:F299.272/1508] | 在馆 | |
| 5 | 1151076 | 211510765 | 第一借阅区/ [索取号:F299.272/1508] | 在馆 |